Wszystkie kraje, graniczące z Brazylią - Statystyki

Ogólne statystyki
  • Ten quiz został rozwiązany 25 razy
  • Średni wynik to 9 z 10
Statystyki odpowiedzi
Odpowiedź % Poprawnych
Argentyna
100%
Urugwaj
100%
Kolumbia
92%
Paragwaj
92%
Peru
92%
Wenezuela
92%
Gujana
88%
Boliwia
75%
Surinam
71%
Francja
67%
Nie znaleziono quizów pasujących do podanych kryteriów
Rozkład punktacji
Procent ludzi z każdym wynikiem
Percentyl według liczby udzielonych odpowiedzi
Twoja historia wyników
Nie rozwiązałeś tego quizu